Marvel Strike Force characters - Statistics

General Stats
  • This quiz has been taken 10 times
  • The average score is 101 of 257
Answer Stats
Hint Answer % Correct
Hulk
100%
Red Hulk
100%
She-Hulk
100%
Strike Absorbing Man
89%
Ant-Man
89%
Ghost-Spider
89%
Hank Pym
89%
Iron Man
89%
Multiple Man
89%
Scarlet Spider
89%
Spider-Man 2099
89%
Black Panther
78%
Black Widow
78%
Captain America
78%
Captain Marvel
78%
Deadpool
78%
Mighty Thor
78%
Scarlet Witch
78%
Thor
78%
Ultron
78%
Vision
78%
Viv Vision
78%
Wasp
78%
Wolverine
78%
Agent Venom
67%
Anti-Venom
67%
Cyclops
67%
Doctor Doom
67%
Doctor Strange
67%
Electro
67%
Gamora
67%
Groot
67%
Hawkeye
67%
Iron Man [Infinity War]
67%
Ms. Marvel
67%
Omega Red
67%
Quicksilver
67%
Rocket Raccoon
67%
Star-Lord
67%
Thanos
67%
Venom
67%
Winter Soldier
67%
Marvel Abomination
56%
Apocalypse
56%
Beast
56%
Beta Ray Bill
56%
Black Knight
56%
Black Panther [Shuri]
56%
Blade
56%
Carnage
56%
Cosmic Ghost Rider
56%
Cosmo
56%
Dark Beast
56%
Doctor Octopus
56%
Drax
56%
Falcon
56%
Gambit
56%
Ghost
56%
Ghost Rider
56%
Green Goblin
56%
Kingpin
56%
Loki
56%
Luke Cage
56%
Moon Knight
56%
Mysterio
56%
Nebula
56%
Nick Fury
56%
Okoye
56%
Shuri
56%
Spider-Man
56%
Spider-Woman
56%
The Thing
56%
War Machine
56%
Force Adam Warlock
44%
Agatha Harkness
44%
Agent Coulson
44%
America Chavez
44%
Archangel
44%
Bishop
44%
Black Bolt
44%
Captain Britain
44%
Captain Carter
44%
Cloak
44%
Colossus
44%
Dagger
44%
Daredevil
44%
Darkhawk
44%
Domino
44%
Elektra
44%
Emma Frost
44%
Gorr
44%
Human Torch
44%
Iron Fist
44%
Jubilee
44%
Kate Bishop
44%
Kitty Pryde
44%
Korg
44%
Lizard
44%
Magik
44%
Magneto
44%
Man-Thing
44%
Mantis
44%
Maria Hill
44%
M'Baku
44%
Mister Fantastic
44%
Namor
44%
Odin
44%
Polaris
44%
Psylocke
44%
Punisher
44%
Red Skull
44%
Shang-Chi
44%
Storm
44%
Super Skrull
44%
Union Jack
44%
U.S. Agent
44%
Vulture
44%
X-23
44%
Yelena Belova
44%
Baron Zemo
33%
Black Cat
33%
Blob
33%
Cable
33%
Corvus Glaive
33%
Cull Obsidian
33%
Daken
33%
Dazzler
33%
Deathlok
33%
Dormammu
33%
Ebony Maw
33%
Echo
33%
Elsa Bloodstone
33%
Fantomex
33%
Firestar
33%
Forge
33%
Gwenom
33%
Gwenpool
33%
Heimdall
33%
Hela
33%
Ikaris
33%
Invisible Woman
33%
Ironheart
33%
Jessica Jones
33%
Juggernaut
33%
Kang The Conqueror
33%
Mister Negative
33%
Mister Sinister
33%
Misty Knight
33%
Moondragon
33%
Moonstone
33%
Morbius
33%
Mordo
33%
Mystique
33%
Nakia
33%
Negasonic
33%
Nightcrawler
33%
Nova
33%
Phoenix
33%
Proxima Midnight
33%
Quake
33%
Red Guardian
33%
Rescue
33%
Rhino
33%
Sabretooth
33%
Sersi
33%
Sif
33%
Silver Surfer
33%
Spider-Man [Noir]
33%
Squirrel Girl
33%
Sunfire
33%
Sunspot
33%
Taskmaster
33%
Vahl
33%
Valkyrie
33%
Wong
33%
Yo-Yo
33%
Ares
22%
Black Panther [1MM]
22%
Brawn
22%
Bucky Barnes
22%
Bullseye
22%
Captain America [Sam]
22%
Captain America [WWII]
22%
Colleen Wing
22%
Crystal
22%
Deathpool
22%
Doctor Voodoo
22%
Gladiator
22%
Green Goblin [Classic]
22%
Guardian
22%
Iceman
22%
Iron Fist [WWII]
22%
Iron Patriot
22%
Knull
22%
Kraven The Hunter
22%
Lady Deathstrike
22%
Mephisto
22%
Mockingbird
22%
Morgan Le Fay
22%
Ms. Marvel [Hard Light]
22%
Northstar
22%
Old Man Logan
22%
Omega Sentinel
22%
Pyro
22%
Red Goblin
22%
Sasquatch
22%
Sentinel
22%
Sharon Carter
22%
Shocker
22%
Silver Samurai
22%
Spider-Man [Miles]
22%
Stature
22%
Sylvie
22%
Titania
22%
White Tiger
22%
Yellowjacket
22%
Yondu
22%
Crossbones
11%
Ghost Rider [Robbie]
11%
Hulkbuster
11%
Iron Man [Zombie]
11%
Kestrel
11%
Longshot
11%
Madelyne Pryor
11%
Nemesis
11%
Nico Minoru
11%
Nimrod
11%
Oath
11%
Pandapool
11%
Peni Parker
11%
Phyla-Vell
11%
Scarlet Witch [Zombie]
11%
Scream
11%
Shatterstar
11%
Spider-Man [Big Time]
11%
Spider-Punk
11%
Spider-Slayer
11%
Spider-Weaver
11%
Starbrand
11%
Star-Lord [Annihilation]
11%
Star-Lord [T'Challa]
11%
Stryfe
11%
Thanos [Endgame]
11%
The Leader
11%
Tigra
11%
Ultimus
11%
Void Knight
11%
Graviton
0%
Ironheart [MKII]
0%
Juggernaut [Zombie]
0%
Loki [Teen]
0%
Peter B Parker
0%
Spider-Man [Pavitr]
0%
Spider-Man [Symbiote]
0%
Strange [Heartless]
0%
Swarm
0%
Thor [Infinity War]
0%
No matching quizzes found
Score Distribution
Percent of People with Each Score
Percentile by Number Answered
Your Score History
You have not taken this quiz